000 00651nam a22002177a 4500
003 UA-OsUOA
001 97609
007 ta
008 20130403b un ||||| |||| 00| 0 ukr d
100 _aФедорова Г.М.
090 _a81
_bФ33
942 _cSA
040 _aUA-OsUOA
_bukr
_cUA-OsUOA
_dUA-OsUOA
245 _aАнглійська пунктуація
300 _aС.27-33
955 _a0
041 _aukr
080 _a81
773 0 _w97606
_tАнглійська мова та література
_dК.
_d2013
_g9
650 7 _a8 Мовознавство. Художня література. Літературознавство
_2UDC
999 _c383859
_d383859